| 000 | 00653nam a2200217 a 4500 | ||
|---|---|---|---|
| 999 |
_c4247 _d4247 |
||
| 001 | 4247 | ||
| 003 | BD-JhCC | ||
| 005 | 20171125173526.0 | ||
| 008 | 171125s1970 bg ||||| |||| 00| 0 ben d | ||
| 035 | _a(BD-JhCC)4247 | ||
| 040 |
_aBD-JhCC _dBD-JhCC |
||
| 041 | _aben | ||
| 082 |
_a891.4435 _bGOU 1970 |
||
| 100 | _aঘোষ, শৈলেন | ||
| 245 |
_aবাজনা / _cশৈলেন ঘোষ |
||
| 260 |
_aকলিকাতা : _bআনন্দ পাবলিশার্স প্রাইভেট লিমিটেড, _c1970. |
||
| 300 |
_a91 p.: _c21 cm. |
||
| 650 | _aShort Stories Bengali | ||
| 942 |
_2ddc _cBK |
||